1662 1593 1734 1008 1888 1215 1856 1242 1815 1275 1529 1640 1623 1788 1499 1196 1383 1945 1564 1273 1349 1843 1645 1563 1837 1854 1312 1711 1271 1313 1254 1931 1298 1755 1828 1313 1517 1383 1239 1621 1784 1441 1969 1032 1651 1009 1856 1542 1816 1015 1324 1821 1483 1002 1149 1800 1098 1030 1393 1306 1408 1948 1256 1417 1786 1716 1761 1951 1740 1968 1576 1824 1006 1741 1917 1443 1363 1588 1881 1691 1437 1777 1942 1442 1680 1572 1175 1930 1249 1582 1718 1490 1416 1700 1083 1963 1796 1719 1466 BCNSPRNW ULIB Ver.6.0+V

เปลี่ยนเป็นภาษาไทย

Change to English
 แสดงรายละเอียดบรรณานุกรม
  กลับหน้าหลัก

Brief Record : Get Marc (ISO 2709) : E-mail record : QR code < ปิดหน้าต่าง
LEADER : 00000nam 2200000uu 4500
001    13399129056
003     ULIB
008    250528s2566||||th 000 0 tha d
020    ^a9786162231476^c350
060 04 ^aWA590^bอ634ก
100 0  ^aอาภาพร เผ่าวัฒนา
245 00 ^aการสร้างเสริมสุขภาพและป้องกันโรคในชุมชน (ฉบับปรับปรุง) :^bการประยุกต์แนวคิดและทฤษฏีสู่การปฏิบัติ = Health promotion and disease prevention in community : an application of concepts and theories to practice /^cอาภาพร เผ่าวัฒนา ... [และคนอื่นๅ]
246 31 ^aHealth promotion and disease prevention in community :^ban application of concepts and theories to practice
250    ^aพิมพ์ครั้งที่ 3
260    ^aกรุงเทพฯ :^bเอ็มเอ็น คอมพิวออฟเซท,^c2566
300    ^aก-ฏ, 344 หน้า :^bภาพประกอบ ;^c26 ซม.
504    ^aเอกสารอ้างอิงและดัชนีท้ายเล่ม
650  4 ^aการส่งเสริมสุขภาพ
650  4 ^aโรค^xการป้องกันและควบคุม
650  4 ^aสุขภาพ^xการมีส่วนร่วมของประชาชน
700 0  ^aอาภาพร เผ่าวัฒนา
710 2  ^aมหาวิทยาลัยมหิดล^bคณะสาธารณสุขศาสตร์
945    ^p350^l0^i011725
945    ^p350^l0^i011726
945    ^p350^l0^i011727
999    ^aประนอม เกษจรัล
รายการนี้ยังไม่มีแท็ก
คุณยังไม่ได้ล็อกอิน คุณสามารถมีกิจกรรมร่วมกับเว็บไซต์ได้ แต่ต้องล็อกอินก่อน ::
  ล็อกอิน

รายการสื่อสารสนเทศ

ลำดับที่ ประเภท เลขเรียก/บาร์โค้ด สถานที่ สถานะ
1. วิทยาศาสตร์การแพทย์ และสุขภาพ
หนังสือสำรอง
สถานะ=หนังสือสำรอง
WA590 อ634ก ฉ.1 
  Barcode: 011725
ห้องสมุดวิทยาเขตสวรรค์ประชารักษ์
►หนังสือทั่วไป
บนชั้น
2. วิทยาศาสตร์การแพทย์ และสุขภาพ
วิทยาศาสตร์การแพทย์ และสุขภาพ
WA590 อ634ก ฉ.2 
  Barcode: 011726
ห้องสมุดวิทยาเขตสวรรค์ประชารักษ์
►หนังสือทั่วไป
บนชั้น
3. วิทยาศาสตร์การแพทย์ และสุขภาพ
วิทยาศาสตร์การแพทย์ และสุขภาพ
WA590 อ634ก ฉ.3 
  Barcode: 011727
ห้องสมุดวิทยาเขตสวรรค์ประชารักษ์
►หนังสือทั่วไป
บนชั้น

รายการใกล้เคียง
    ผู้แต่ง [อาภาพร เผ่าวัฒนา]

    หัวเรื่อง [การส่งเสริมสุขภาพ]

BibComment


ยังไม่เคยถูกคอมเมนท์

คอมเมนท์ทรัพยากรรายการนี้
  คอมเมนท์: การสร้างเสริมสุข..


 Copyright 2026. Bcnsprnw @Library